Benchmarking Higher Education System Performance
Guardado en:
| Formato: | Libro |
|---|---|
| Lenguaje: | inglés |
| Publicado: |
Paris
OECD
2019
|
| Colección: | Higher Education
|
| Materias: | |
| Etiquetas: |
Sin Etiquetas, Sea el primero en etiquetar este registro!
|
MARC
| LEADER | 00000nam a2200000 4500 | ||
|---|---|---|---|
| 001 | 0263831 | ||
| 005 | 20221220064240.8 | ||
| 020 | |a 978-92-64-75580-2 | ||
| 041 | 0 | |a eng | |
| 044 | |a FR | ||
| 245 | 1 | 0 | |a Benchmarking Higher Education System Performance |
| 264 | 1 | |a Paris |b OECD |c 2019 | |
| 300 | |a 222 s. | ||
| 490 | 1 | |a Higher Education | |
| 830 | 0 | |a Higher Education | |
| 610 | 2 | 0 | |a školy vysoké |
| 610 | 2 | 0 | |a vzdelanie vysokoškolské |
| 610 | 2 | 0 | |a výkonnosť |
| 610 | 2 | 0 | |a riadenie |
| 610 | 2 | 0 | |a zdroje finančné |
| 610 | 2 | 0 | |a zdroje ľudské |
| 610 | 2 | 0 | |a vzdelanie |
| 610 | 2 | 0 | |a výskum |
| 610 | 2 | 0 | |a porovnanie štatistické medzinárodné |
| 610 | 2 | 0 | |a Estónsko |
| 610 | 2 | 0 | |a Belgicko |
| 610 | 2 | 0 | |a Holandsko |